| 000 | 01394nam a2200313 a 4500 | ||
|---|---|---|---|
| 001 | 42296 | ||
| 003 | BD-RjUL | ||
| 005 | 20211209053523.0 | ||
| 008 | 161215s1985 ii a 001 0 eng d | ||
| 035 | _a(BD-RjUL)42414 | ||
| 040 |
_aBD-RjUL _beng _cBD-RjUL |
||
| 041 | _aeng | ||
| 082 |
_a324.25408309 _223 _bCEN 1985 |
||
| 245 | 0 | 2 |
_aA centenary history of the Indian National Congress (1885-1985) / _cReleased by Rajib Gandhi |
| 260 |
_aNew Delhi : _bAll India Congress Committee (I) ; _aNew Delhi : _bVikas Pub. House, _c1985 |
||
| 300 |
_av. : _bill. ; _c25 cm |
||
| 500 | _a"General editor, B.N. Pande"--Spine | ||
| 500 | _aVols. 1-3: "Released by Shri Rajiv Gandhi at the Centenary Session held at Bombay on 28th December 1985." | ||
| 504 | _aIncludes bibliographies and index | ||
| 505 | 0 | _aContents: v. 1. 1885-1919 / edited by N.R. Ray -- v. 2. 1919-1935 / edited by Ravinder Kumar -- v. 3. 1935-1947 / edited by M.N. Das -- v. 4. 1947-1964 / edited by Iqbal Narain -- v. 5. 1964-1984 | |
| 610 | 2 | 0 |
_aIndian National Congress _9172412 |
| 651 | 0 |
_aIndia _xPolitics and government _y1857-1919 _9124245 |
|
| 651 | 0 |
_aIndia _xPolitics and government _y20th century _9128128 |
|
| 700 | 1 |
_aGandhi, Rajib _9130072 |
|
| 700 | 1 |
_aPande, B. N. _9130073 |
|
| 710 | 2 |
_aIndian National Congress (I). _bAll India Congress Committee. _9130074 |
|
| 942 |
_2ddc _cBK |
||
| 999 |
_c42296 _d42296 |
||